[Event "Belgrade-chT Quality"]
[Site "Belgrade"]
[Date "2020.11.06"]
[Round "7.7"]
[White "Mijatovic, Miodrag"]
[Black "Mihajlovic, Milorad"]
[Result "1/2-1/2"]
[WhiteElo "1859"]
[BlackElo "1901"]
[PlyCount "67"]
[EventDate "2020.10.09"]
[EventType "team-tourn"]
[EventRounds "9"]
[EventCountry "SRB"]
[SourceTitle "EXT 2022"]
[Source "ChessBase"]
[SourceDate "2021.10.06"]
[SourceVersion "1"]
[SourceVersionDate "2021.10.06"]
[SourceQuality "1"]
[WhiteTeam "Belgrade Teleoptik"]
[BlackTeam "Belgrade Turbina"]
[WhiteTeamCountry "SRB"]
[BlackTeamCountry "SRB"]

1. d4 b6 2. Nf3 Bb7 3. e3 Nf6 4. b3 e6 5. Bb2 c5 6. Nbd2 Nc6 7. Be2 Be7 8. 0-0 0-0 9. Re1 Qc7 10. Rc1 Rad8 11. Nf1 Ne4 12. Ng3 Nxg3 13. hxg3 Bf6 14. c4 d6 15. Qc2 Rfe8 16. a3 Ne7 17. Nd2 cxd4 18. exd4 Nf5 19. Qd3 g6 20. g4 Ne7 21. Qe3 Qb8 22. Rc2 Bg7 23. b4 Qa8 24. Bf3 Bxf3 25. Nxf3 h6 26. b5 Rc8 27. a4 Nd5 28. Qd2 Nf6 29. g5 Ne4 30. Qe3 Nxg5 31. Nxg5 hxg5 32. Qxg5 Rc7 33. Ba3 Qd8 34. Qg4 1/2-1/2

[Event "Belgrade-chT Quality"]
[Site "Belgrade"]
[Date "2020.10.24"]
[Round "5.7"]
[White "Milosavljevic, Dusan"]
[Black "Mihajlovic, Milorad"]
[Result "1/2-1/2"]
[WhiteElo "2146"]
[BlackElo "1901"]
[PlyCount "55"]
[EventDate "2020.10.09"]
[EventType "team-tourn"]
[EventRounds "9"]
[EventCountry "SRB"]
[SourceTitle "EXT 2022"]
[Source "ChessBase"]
[SourceDate "2021.10.06"]
[SourceVersion "1"]
[SourceVersionDate "2021.10.06"]
[SourceQuality "1"]
[WhiteTeam "Belgrade Polet"]
[BlackTeam "Belgrade Turbina"]
[WhiteTeamCountry "SRB"]
[BlackTeamCountry "SRB"]

1. b3 c5 2. Bb2 Nf6 3. Bxf6 gxf6 4. c4 f5 5. g3 Nc6 6. Bg2 Bg7 7. Nc3 Qa5 8. Qc1 Rb8 9. Nh3 h5 10. Nf4 h4 11. a3 hxg3 12. hxg3 Rxh1+ 13. Bxh1 Nd4 14. Qb2 Qb6 15. Rb1 Qh6 16. Bg2 Qh2 17. Kf1 b6 18. e3 Ne6 19. Qc2 Nxf4 20. gxf4 Qh5 21. b4 cxb4 22. Rxb4 Bxc3 23. dxc3 Bb7 24. Bxb7 Rxb7 25. c5 bxc5 26. Rxb7 Qh1+ 27. Ke2 Qxb7 28. Qxf5 1/2-1/2

[Event "Belgrade-chT Quality"]
[Site "Belgrade"]
[Date "2020.10.23"]
[Round "4.6"]
[White "Pejovic, Velibor"]
[Black "Mihajlovic, Milorad"]
[Result "1/2-1/2"]
[WhiteElo "1923"]
[BlackElo "1901"]
[PlyCount "95"]
[EventDate "2020.10.09"]
[EventType "team-tourn"]
[EventRounds "9"]
[EventCountry "SRB"]
[SourceTitle "EXT 2022"]
[Source "ChessBase"]
[SourceDate "2021.10.06"]
[SourceVersion "1"]
[SourceVersionDate "2021.10.06"]
[SourceQuality "1"]
[WhiteTeam "Belgrade Banjica"]
[BlackTeam "Belgrade Turbina"]
[WhiteTeamCountry "SRB"]
[BlackTeamCountry "SRB"]

1. Nf3 Nf6 2. b3 c5 3. c4 Nc6 4. Bb2 d5 5. cxd5 Nxd5 6. g3 Nf6 7. Bg2 g6 8. 0-0 Bg7 9. Qc1 Qa5 10. Ne5 Nd4 11. Re1 0-0 12. e3 Ne6 13. Nc3 Rb8 14. Na4 Rd8 15. Bc3 Qc7 16. Nf3 Nd7 17. Bxg7 Kxg7 18. Qc2 Qd6 19. Nb2 Nf6 20. Nc4 Qd3 21. Qb2 Kg8 22. Rac1 Ne8 23. Nce5 Qd6 24. Red1 b6 25. d4 Bb7 26. Qe2 cxd4 27. exd4 Rbc8 28. Nc4 Qb8 29. Nce5 Nf6 30. Rxc8 Qxc8 31. Qc4 Bd5 32. Qb4 Qc2 33. Re1 Kf8 34. Qa3 Qc7 35. Qb2 Rc8 36. Ng4 Nxg4 37. Ng5 Bxg2 38. Nxe6+ fxe6 39. Qe2 Bh3 40. Qxe6 Qd6 41. Qxc8+ Kf7 42. Qc4+ Kf8 43. Qc8+ Kf7 44. Qh8 Nf6 45. Qa8 a5 46. Qb7 Bd7 47. Qa7 Qxd4 48. Qc7 1/2-1/2

[Event "Belgrade-chT Quality"]
[Site "Belgrade"]
[Date "2020.10.11"]
[Round "3.7"]
[White "Mihajlovic, Milorad"]
[Black "Poledica, Nenad"]
[Result "1-0"]
[WhiteElo "1901"]
[BlackElo "1928"]
[PlyCount "117"]
[EventDate "2020.10.09"]
[EventType "team-tourn"]
[EventRounds "9"]
[EventCountry "SRB"]
[SourceTitle "EXT 2022"]
[Source "ChessBase"]
[SourceDate "2021.10.06"]
[SourceVersion "1"]
[SourceVersionDate "2021.10.06"]
[SourceQuality "1"]
[WhiteTeam "Belgrade Turbina"]
[BlackTeam "Belgrade Batajnica"]
[WhiteTeamCountry "SRB"]
[BlackTeamCountry "SRB"]

1. d4 e6 2. Nf3 Nf6 3. c4 d5 4. g3 Be7 5. Bg2 0-0 6. 0-0 b6 7. Nc3 Bb7 8. Ne5 h6 9. Bf4 Nc6 10. Nxc6 Bxc6 11. Rc1 Bd6 12. Qd2 Bxf4 13. Qxf4 Rc8 14. cxd5 Nxd5 15. Nxd5 Bxd5 16. Bxd5 Qxd5 17. b3 Qd6 18. Rc4 Qxf4 19. gxf4 Rfd8 20. Rfc1 Rd7 21. e3 Kf8 22. Kg2 Ke7 23. Kf3 Kd8 24. Rg1 g6 25. h4 h5 26. Ke4 Rd5 27. Rg5 c6 28. Kf3 Ke7 29. Rg1 Rd7 30. Rgc1 Rdc7 31. b4 Kd6 32. Ke4 a6 33. R1c3 f5+ 34. Kd3 c5 35. bxc5+ bxc5 36. Ra3 Ra8 37. Ra5 cxd4 38. Kxd4 Rxc4+ 39. Kxc4 Rc8+ 40. Kd4 Rc6 41. f3 Rb6 42. Ra4 Ke7 43. e4 fxe4 44. fxe4 Rd6+ 45. Kc5 Rd2 46. Rxa6 Rf2 47. e5 Rxf4 48. Ra7+ Kf8 49. Kd6 Rxh4 50. Kxe6 Rf4 51. Ra8+ Kg7 52. Kd5 Rf2 53. e6 Re2 54. Ra7+ Kf8 55. Kd6 h4 56. Ra8+ Kg7 57. e7 Rd2+ 58. Kc5 Rc2+ 59. Kd4 1-0

[Event "Belgrade-chTB Quality"]
[Site "Belgrade"]
[Date "2018.10.28"]
[Round "10.6"]
[White "Jocic, Slavoljub"]
[Black "Mihajlovic, Milorad"]
[Result "1-0"]
[WhiteElo "2141"]
[BlackElo "1948"]
[PlyCount "87"]
[EventDate "2018.09.29"]
[EventType "team-tourn"]
[EventRounds "11"]
[EventCountry "SRB"]
[SourceTitle "CBM 187 Extra"]
[Source "ChessBase"]
[SourceDate "2018.11.04"]
[SourceVersion "1"]
[SourceVersionDate "2018.11.04"]
[SourceQuality "1"]
[WhiteTeam "Nis Jugopetrol"]
[BlackTeam "Belgrade Turbina"]
[WhiteTeamCountry "SRB"]
[BlackTeamCountry "SRB"]

1. d4 Nf6 2. Nf3 g6 3. Bg5 Bg7 4. Nbd2 d5 5. e3 0-0 6. Bd3 Nbd7 7. c4 c5 8. 0-0 cxd4 9. exd4 b6 10. Rc1 Ba6 11. Qe2 dxc4 12. Bxc4 Bxc4 13. Qxc4 Rc8 14. Qa4 Rc7 15. Bf4 Rxc1 16. Rxc1 Nd5 17. Be5 Nxe5 18. dxe5 a5 19. a3 Qb8 20. h4 Bxe5 21. Qe4 Bxb2 22. Rc2 Nf6 23. Qe3 Ng4 24. Qe4 Nf6 25. Qe3 Ng4 26. Qe4 Nf6 27. Qe3 Ng4 28. Qg5 Bxa3 29. Qxg4 h5 30. Qg5 Rc8 31. Nc4 Rc5 32. Qh6 Bb4 33. Ng5 Rxg5 34. Qxg5 b5 35. Ne3 Qe8 36. g4 hxg4 37. Qxg4 e6 38. Qd4 f5 39. Rc7 Be7 40. Qe5 Kf7 41. Ng2 Qd8 42. Nf4 Qd1+ 43. Kh2 Qb3 44. Qd6 1-0

[Event "Belgrade tt Cup"]
[Site "Belgrade"]
[Date "2015.04.22"]
[Round "3.4"]
[White "Mihajlovic, Milorad"]
[Black "Milicevic, Aleksa"]
[Result "1/2-1/2"]
[WhiteElo "1939"]
[BlackElo "2177"]
[PlyCount "77"]
[EventDate "2015.04.20"]
[EventType "team-swiss"]
[EventRounds "5"]
[EventCountry "SRB"]
[SourceTitle "CBM 166 Extra"]
[Source "ChessBase"]
[SourceDate "2015.06.18"]
[SourceVersion "1"]
[SourceVersionDate "2015.06.18"]
[SourceQuality "1"]
[WhiteTeam "Vreoci Turbina"]
[BlackTeam "Post Stedionica"]
[WhiteTeamCountry "SRB"]
[BlackTeamCountry "SRB"]

1. d4 d5 2. c4 e6 3. Nf3 c5 4. cxd5 exd5 5. g3 Nc6 6. Bg2 Nf6 7. 0-0 Be7 8. Nc3 0-0 9. dxc5 Bxc5 10. Bg5 Be6 11. Rc1 Bb6 12. Na4 h6 13. Bf4 Re8 14. Nxb6 Qxb6 15. b3 Bg4 16. h3 Bxf3 17. Bxf3 Nd4 18. Be3 Nxf3+ 19. exf3 Qa6 20. Rc2 Rad8 21. Qd4 Qe6 22. Kg2 b6 23. Rfc1 Kh7 24. Rc7 Re7 25. R1c6 Rxc7 26. Rxc7 Rd7 27. Qd3+ g6 28. Rxd7 Qxd7 29. Qd2 Ng8 30. Qc3 Ne7 31. Bxh6 d4 32. Qd2 Nf5 33. Bg5 d3 34. g4 Ng7 35. h4 Ne6 36. Bf6 Qd6 37. Bg5 Qd5 38. Be3 Nc5 39. Qc3 1/2-1/2

[Event "Belgrade Trophy 26th"]
[Site "Belgrade"]
[Date "2012.11.26"]
[Round "3"]
[White "Maric, Dragan"]
[Black "Mihajlovic, Milorad"]
[Result "1-0"]
[WhiteElo "2221"]
[BlackElo "1924"]
[PlyCount "63"]
[EventDate "2012.11.24"]
[EventType "swiss"]
[EventRounds "9"]
[EventCountry "SRB"]
[SourceTitle "CBM 151 Extra"]
[Source "ChessBase"]
[SourceDate "2012.12.18"]
[SourceVersion "1"]
[SourceVersionDate "2012.12.18"]
[SourceQuality "1"]

1. e4 e5 2. Nf3 Nc6 3. Bb5 a6 4. Ba4 Nf6 5. 0-0 Nxe4 6. d4 b5 7. Bb3 d5 8. dxe5 Be6 9. Nbd2 Nc5 10. c3 Nxb3 11. axb3 Be7 12. b4 d4 13. Ne4 0-0 14. Bg5 Bxg5 15. Nfxg5 Nxe5 16. cxd4 Nc6 17. Qc2 Re8 18. Qc3 Bd5 19. Qc2 h6 20. Nf6+ Qxf6 21. Qh7+ Kf8 22. Rae1 Be6 23. Nxe6+ fxe6 24. Re3 Ke7 25. d5 e5 26. Rf3 Rh8 27. Qe4 Qd6 28. Rc1 Rad8 29. Rxc6 Qxd5 30. Rxc7+ Kd6 31. Rd3 Qxd3 32. Qc6# 1-0

[Event "Belgrade Trophy 25th"]
[Site "Obrenovac"]
[Date "2011.11.30"]
[Round "7"]
[White "Ratkovic, Miloje"]
[Black "Mihajlovic, Milorad"]
[Result "1-0"]
[WhiteElo "2168"]
[BlackElo "1987"]
[PlyCount "49"]
[EventDate "2011.11.24"]
[EventType "swiss"]
[EventRounds "9"]
[EventCountry "YUG"]
[SourceTitle "CBM 145 Extra"]
[Source "ChessBase"]
[SourceDate "2012.01.03"]
[SourceVersion "1"]
[SourceVersionDate "2012.01.03"]
[SourceQuality "1"]

1. d4 Nf6 2. Nf3 g6 3. Nc3 d5 4. Bf4 Bg7 5. e3 Bg4 6. h3 Bxf3 7. Qxf3 0-0 8. h4 h5 9. Be2 c6 10. Qh3 Qd7 11. Qh2 Ng4 12. Bxg4 Qxg4 13. f3 Qf5 14. 0-0-0 Nd7 15. g4 Qe6 16. gxh5 gxh5 17. Rhg1 Kh7 18. Rg5 Nf6 19. e4 Bh6 20. Re5 Bxf4+ 21. Qxf4 Qd6 22. Qf5+ Kh8 23. Rg1 Rg8 24. Qxf6+ Qxf6 25. Rxh5+ 1-0

[Event "Belgrade Trophy 25th"]
[Site "Obrenovac"]
[Date "2011.11.24"]
[Round "1"]
[White "Cabrilo, Goran"]
[Black "Mihajlovic, Milorad"]
[Result "1-0"]
[WhiteElo "2463"]
[BlackElo "1987"]
[PlyCount "83"]
[EventDate "2011.11.24"]
[EventType "swiss"]
[EventRounds "9"]
[EventCountry "YUG"]
[SourceTitle "CBM 145 Extra"]
[Source "ChessBase"]
[SourceDate "2012.01.03"]
[SourceVersion "1"]
[SourceVersionDate "2012.01.03"]
[SourceQuality "1"]

1. e4 Nf6 2. e5 Nd5 3. d4 d6 4. Nf3 g6 5. Bc4 c6 6. h3 Bg7 7. 0-0 0-0 8. Qe2 dxe5 9. dxe5 e6 10. Re1 b6 11. Bg5 Qc7 12. Nbd2 a5 13. a4 Nd7 14. Nb3 Re8 15. Nbd4 Nc5 16. Nxc6 Ba6 17. Bxa6 Nxa6 18. Ncd4 Rec8 19. c3 Qc4 20. Qd1 h6 21. Bh4 Nc5 22. Nb5 Rcb8 23. Bg3 Rd8 24. Nfd4 Ne7 25. Qf3 Qd5 26. Qe2 Rab8 27. Nd6 Nf5 28. N4xf5 gxf5 29. b4 Nd7 30. Rad1 Qc6 31. Qh5 Rf8 32. Nb5 Rb7 33. Rd6 Qc8 34. Qf3 Nb8 35. Bh4 Rd7 36. Bf6 Bxf6 37. exf6 Kh7 38. Rxb6 Qd8 39. Rb7 Qxf6 40. bxa5 Rfd8 41. Nd4 Rd5 42. Rxe6 1-0

[Event "Belgrade Trophy 23rd"]
[Site "Obrenovac"]
[Date "2010.12.01"]
[Round "8"]
[White "Markovic, Aleksandar"]
[Black "Mihajlovic, Milorad"]
[Result "1/2-1/2"]
[WhiteElo "1838"]
[BlackElo "1998"]
[PlyCount "63"]
[EventDate "2010.11.24"]
[EventType "swiss"]
[EventRounds "9"]
[EventCountry "YUG"]
[SourceTitle "CBM 139 Extra"]
[Source "ChessBase"]
[SourceDate "2011.01.05"]
[SourceVersion "1"]
[SourceVersionDate "2011.01.05"]
[SourceQuality "1"]

1. e4 d6 2. d4 Nf6 3. Nc3 g6 4. f4 Bg7 5. Nf3 0-0 6. Bd3 c5 7. d5 a6 8. a4 Bg4 9. 0-0 Qc7 10. Bc4 Nbd7 11. a5 b5 12. axb6 Qxb6 13. h3 Bxf3 14. Rxf3 Ne8 15. b3 Nc7 16. Bb2 Nb5 17. Na4 Qb7 18. Bxg7 Kxg7 19. c3 Qc7 20. Rf2 Nb6 21. Nxb6 Qxb6 22. Qd3 Rfb8 23. Rfa2 Nc7 24. Kh1 a5 25. Ra4 Rb7 26. Qe2 Nb5 27. Bxb5 Qxb5 28. Qxb5 Rxb5 29. b4 cxb4 30. cxb4 f5 31. exf5 gxf5 32. Rxa5 1/2-1/2

[Event "Belgrade Trophy 23rd"]
[Site "Obrenovac"]
[Date "2010.11.27"]
[Round "4"]
[White "Lazic, Ljubisa V"]
[Black "Mihajlovic, Milorad"]
[Result "1-0"]
[WhiteElo "2233"]
[BlackElo "1998"]
[PlyCount "99"]
[EventDate "2010.11.24"]
[EventType "swiss"]
[EventRounds "9"]
[EventCountry "YUG"]
[SourceTitle "CBM 139 Extra"]
[Source "ChessBase"]
[SourceDate "2011.01.05"]
[SourceVersion "1"]
[SourceVersionDate "2011.01.05"]
[SourceQuality "1"]

1. d4 Nf6 2. Nf3 g6 3. h3 Bg7 4. Bf4 0-0 5. e3 c5 6. c3 d6 7. Nbd2 Nc6 8. Bc4 a6 9. a4 b6 10. 0-0 Bb7 11. Qe2 Qc7 12. Bh2 e5 13. dxe5 Nxe5 14. Nxe5 dxe5 15. Nf3 Ne4 16. Rfd1 a5 17. Bd5 Rfe8 18. Qc2 Nd6 19. Rd2 Bxd5 20. Rxd5 Rad8 21. Nxe5 Bxe5 22. Rxe5 Rxe5 23. Bxe5 Qe7 24. Bf4 g5 25. Bxd6 Qxd6 26. Rf1 Qd3 27. Qxd3 Rxd3 28. f4 h6 29. fxg5 hxg5 30. Rf6 Rxe3 31. Rxb6 Re4 32. b3 Re3 33. c4 Kg7 34. Rb5 Kg6 35. Kf2 Rc3 36. Rxc5 Rxb3 37. Rxa5 f6 38. c5 Rc3 39. Rb5 Kf5 40. a5 Kf4 41. Rb4+ Ke5 42. Ra4 Rxc5 43. a6 Rc8 44. a7 Ra8 45. Ke3 f5 46. Ra5+ Kf6 47. Kd4 Kg6 48. Kc5 g4 49. hxg4 fxg4 50. Kb6 1-0

[Event "Belgrade Trophy 23rd"]
[Site "Obrenovac"]
[Date "2010.11.26"]
[Round "3"]
[White "Mihajlovic, Milorad"]
[Black "Radosavljevic, Slobodan D"]
[Result "1/2-1/2"]
[WhiteElo "1998"]
[BlackElo "2248"]
[PlyCount "108"]
[EventDate "2010.11.24"]
[EventType "swiss"]
[EventRounds "9"]
[EventCountry "YUG"]
[SourceTitle "CBM 139 Extra"]
[Source "ChessBase"]
[SourceDate "2011.01.05"]
[SourceVersion "1"]
[SourceVersionDate "2011.01.05"]
[SourceQuality "1"]

1. e4 c5 2. Nf3 g6 3. d4 cxd4 4. Nxd4 Bg7 5. c4 Nc6 6. Be3 Nf6 7. f3 0-0 8. Be2 d6 9. Nc3 Nxd4 10. Bxd4 Be6 11. 0-0 Qa5 12. Qd2 Rfc8 13. b3 b5 14. b4 Qxb4 15. Rab1 Qa5 16. Rxb5 Qd8 17. Nd5 Nd7 18. Bxg7 Kxg7 19. Qd4+ Kg8 20. Rd1 Bxd5 21. cxd5 Rc2 22. Rd2 Rac8 23. Rb2 Rxd2 24. Qxd2 Qc7 25. Kf2 Qc5+ 26. Qe3 Qa5 27. Qd2 Rc3 28. Kg3 Nf6 29. Kf2 Qc5+ 30. Kf1 Kg7 31. Bd1 Nd7 32. Rc2 Rxc2 33. Bxc2 Qc4+ 34. Bd3 Qd4 35. Qe2 Ne5 36. Ba6 f5 37. h3 f4 38. Bb5 g5 39. Ba6 Qa1+ 40. Kf2 Qd4+ 41. Kf1 Nd7 42. h4 Qa1+ 43. Kf2 Qd4+ 44. Kf1 gxh4 45. Qe1 Qf6 46. Kg1 Qg5 47. Bc8 Nc5 48. Qa5 a6 49. Bxa6 h3 50. Bf1 hxg2 51. Bxg2 h5 52. Kh1 Qg3 53. Qd8 Qh4+ 54. Kg1 Nd3 1/2-1/2

[Event "Belgrade op"]
[Site "Belgrade"]
[Date "2009.11.29"]
[Round "6"]
[White "Mihajlovic, Milorad"]
[Black "Dikic, Veljko"]
[Result "1-0"]
[WhiteElo "2029"]
[BlackElo "1690"]
[PlyCount "53"]
[EventDate "2009.11.24"]
[EventType "swiss"]
[EventRounds "9"]
[EventCountry "YUG"]
[SourceTitle "CBM 133 Extra"]
[Source "ChessBase"]
[SourceDate "2010.01.05"]
[SourceVersion "1"]
[SourceVersionDate "2010.01.05"]
[SourceQuality "1"]

1. Nf3 d5 2. c4 c6 3. g3 Nf6 4. Bg2 g6 5. 0-0 Bg7 6. d4 0-0 7. b3 Ne4 8. Bb2 b6 9. Ne5 Bb7 10. f3 Nd6 11. cxd5 cxd5 12. Nc3 Nd7 13. Nxd7 Qxd7 14. Qd3 e6 15. e4 dxe4 16. fxe4 a5 17. Rfd1 Ba6 18. Qd2 Nb5 19. Na4 Rab8 20. Rac1 Rfc8 21. Rxc8+ Bxc8 22. d5 e5 23. Rc1 Nd4 24. Bxd4 exd4 25. Qf4 Rb7 26. e5 Qf5 27. e6 1-0

[Event "Belgrade op"]
[Site "Belgrade"]
[Date "2009.11.25"]
[Round "2"]
[White "Mihajlovic, Milorad"]
[Black "Stankovic, Stanoje"]
[Result "1-0"]
[WhiteElo "2029"]
[BlackElo "1714"]
[PlyCount "87"]
[EventDate "2009.11.24"]
[EventType "swiss"]
[EventRounds "9"]
[EventCountry "YUG"]
[SourceTitle "CBM 133 Extra"]
[Source "ChessBase"]
[SourceDate "2010.01.05"]
[SourceVersion "1"]
[SourceVersionDate "2010.01.05"]
[SourceQuality "1"]

1. Nf3 d6 2. d4 c6 3. g3 h6 4. Bg2 Bf5 5. 0-0 Nf6 6. c4 e6 7. Nc3 Be7 8. Re1 0-0 9. e4 Bg4 10. Qd3 Na6 11. a3 Bh5 12. b4 Bg6 13. Qe3 Nc7 14. Bb2 Re8 15. Rad1 d5 16. Ne5 Bh7 17. c5 a5 18. f3 axb4 19. axb4 dxe4 20. fxe4 Nd7 21. Nc4 Nb5 22. d5 exd5 23. exd5 Bg5 24. Qxe8+ Qxe8 25. Rxe8+ Rxe8 26. dxc6 Nxc3 27. cxd7 Rd8 28. Bxc3 Bf5 29. Bxb7 Bxd7 30. c6 Bg4 31. Rxd8+ Bxd8 32. Be5 Be6 33. Ba6 Be7 34. c7 Bxb4 35. c8Q+ Bxc8 36. Bxc8 Bc5+ 37. Kg2 f6 38. Be6+ Kh8 39. Bd6 Bd4 40. Bf5 g5 41. g4 Kg7 42. Kf3 Kf7 43. Ke4 Bg1 44. Kd5 1-0

[Event "Belgrade op"]
[Site "Belgrade"]
[Date "2009.11.24"]
[Round "1"]
[White "Vassallo Barroche, Mauricio"]
[Black "Mihajlovic, Milorad"]
[Result "1-0"]
[WhiteElo "2409"]
[BlackElo "2029"]
[PlyCount "77"]
[EventDate "2009.11.24"]
[EventType "swiss"]
[EventRounds "9"]
[EventCountry "YUG"]
[SourceTitle "CBM 133 Extra"]
[Source "ChessBase"]
[SourceDate "2010.01.05"]
[SourceVersion "1"]
[SourceVersionDate "2010.01.05"]
[SourceQuality "1"]

1. d4 Nf6 2. Nf3 g6 3. g3 Bg7 4. Bg2 0-0 5. 0-0 d6 6. c4 Nbd7 7. Nc3 c5 8. b3 cxd4 9. Nxd4 a6 10. Bb2 Qc7 11. Rc1 Nc5 12. Qd2 Bd7 13. Ba1 Bc6 14. Nxc6 bxc6 15. b4 Nb7 16. Rfd1 Rfb8 17. Na4 Nd8 18. c5 d5 19. Nb6 Ra7 20. e4 Nxe4 21. Bxe4 dxe4 22. Bxg7 Kxg7 23. Qc3+ f6 24. Rd7 Qxd7 25. Nxd7 Rxd7 26. Re1 e5 27. Rxe4 Ne6 28. Rxe5 Nd4 29. Re4 Rbd8 30. Kg2 f5 31. Re3 f4 32. gxf4 Kf8 33. Qc4 Kg7 34. Rd3 Nb5 35. Rxd7+ Rxd7 36. Qe6 Rf7 37. Qxc6 Rxf4 38. a4 Rf6 39. axb5 1-0